Cinéma : une image, un film (niveau facile) - Statistiques

Statistiques générales
  • Ce quiz a été pris 13 572 fois
  • Le résultat moyen est 10 sur 12
Statistiques - réponses
Par images Réponse % Correct
Titanic
100%
Star Wars, épisode IV : Un Nouvel Espoir
97%
Avatar
94%
Rocky
94%
Le Parrain
93%
Dirty Dancing
88%
Interstellar
87%
Pulp Fiction
82%
Le Seigneur des Anneaux : La Communauté de l'Anneau
75%
American Psycho
60%
Les Evadés
56%
Avengers : Endgame
48%
Aucun quiz correspondant
Distribution des résultats
% des personnes avec chaque résultat
Percentile par nombre de réponses
Votre historique - résultats
Vous n’avez pas pris ce quiz